La función de los gremios: en el nuevo orden

Saved in:
Bibliografiske detaljer
Hovedforfatter: Riega, Alfonso de la (Author)
Format: Bog
Sprog:spansk
Udgivet: Santiago Auca 1980
Serier:Colección Corporativa
Fag:
Tags: Tilføj Tag
Ingen Tags, Vær først til at tagge denne postø!

MARC

LEADER 00000nam a2200000 a 4500
001 UCI5478
003 CL-VaPUC
008 080328e19800000CL |||||||||||||||||spa|d
082 0 4 |a 348.022  |b RIE  |2 21 
100 0 |a Riega, Alfonso de la  |e author  |9 527868 
245 1 3 |a La función de los gremios: en el nuevo orden 
300 |a 47 p 
942 |c BK 
945 |d 20080328 00:00:00  |a jtorresc 
260 |a Santiago  |b Auca  |c 1980 
650 0 |a Derecho corporativo  |9 527869 
650 0 |a Gremios  |9 375963 
650 7 |a MOVIMIENTOS OBREROS  |2 CL-VaPUC  |9 464058 
650 7 |a EMPLEADOS PUBLICOS  |2 CL-VaPUC  |9 256133 
650 0 |a Trabajadores  |9 260887 
583 |a last modification  |c 20080328 00:00:00  |k Rodrigo Vera 
490 0 |a Colección Corporativa 
999 |c 329217  |d 329215 
952 |0 0  |1 0  |4 0  |6 348_022000000000000_RIE_1980  |7 0  |8 A  |9 413586  |a BIBHIS  |b BIBHIS  |d 2019-11-22  |i 441697K  |o 348.022 RIE 1980  |p 441697K  |r 2025-01-20  |w 2019-11-22  |y BK  |k HIS